Cities by River in the USA - Statistics

General Stats
  • This quiz has been taken 43 times
  • The average score is 8 of 9
Answer Stats
River State City % Correct
Hudson River New York New York City
97%
Potomac River N/A Washington D.C.
94%
Chattahoochee River Georgia Atlanta
92%
Buffalo Bayou Texas Houston
92%
Mississippi River Minnesota Minneapolis
92%
Delaware River Pennsylvania Philadelphia
92%
Ohio River Ohio Cincinnati
86%
Missouri River Missouri Kansas City
86%
Scioto River Ohio Columbus
83%
No matching quizzes found
Score Distribution
Percent of People with Each Score
Percentile by Number Answered
Your Score History
You have not taken this quiz